| 000 | 01309nam a22003617a 4500 | ||
|---|---|---|---|
| 003 | CHAP | ||
| 005 | 20220329140947.0 | ||
| 008 | 971013s1994 r 00010 d | ||
| 010 | _a60473 | ||
| 011 | _a61445 | ||
| 035 | _a65610 | ||
| 040 | _cCHAP | ||
| 082 |
_a574.5 _bF34 |
||
| 110 |
_aFAO. Oficina Regional para América Latina y el Caribe _939640 |
||
| 245 |
_aEcozone _b: predicción e información del impacto ambiental de los proyectos agrícolas : un sistema para la administración de conocimientos |
||
| 260 |
_aSantiago de Chile : _bFAO, _c1994 |
||
| 300 |
_a178 h. _e+ 2 Diskettes 3.5 |
||
| 590 |
_aBATCH-UPD _b10 _c20130110 _lUCH01 _h0114 |
||
| 590 |
_aBATCH-UPD _b10 _c20130110 _lUCH01 _h0820 |
||
| 590 |
_aBATCH-UPD _b10 _c20130409 _lUCH01 _h2105 |
||
| 590 |
_aBATCH-UPD _b10 _c20130410 _lUCH01 _h0457 |
||
| 590 |
_aBATCH-UPD _b10 _c20130914 _lUCH01 _h1247 |
||
| 590 |
_aCONVERSION _b10 _c20130109 _lUCH01 _h1332 |
||
| 650 | 1 | 4 |
_aImpacto ambiental. _957465 |
| 650 | 1 | 4 |
_aOzono. _984492 |
| 650 | 1 | 4 |
_aProcesamiento automático de datos en ecología. _991772 |
| 650 | 1 | 4 |
_aSistemas de información. _9106760 |
| 700 | 0 |
_aEdwards-Jones, Gareth. _935735 |
|
| 700 | 0 |
_aGough, Martin. _950102 |
|
| 901 | _aBK | ||
| 942 | _cLIBRO | ||
| 949 |
_a574.5 F34 _bBC _cFAO _d33724000630802 _eFAO1 _h90886 _i65610 _mD _si |
||
| 999 |
_c60473 _d60473 |
||